| 000 | 01236cam a22003497a 4500 | ||
|---|---|---|---|
| 003 | CHAP | ||
| 005 | 20220329141723.0 | ||
| 008 | 971013s1987 r 00010 d | ||
| 010 | _a72781 | ||
| 011 | _a73753 | ||
| 035 | _a83311 | ||
| 040 | _cCHAP | ||
| 090 | _aTesis | ||
| 100 | 0 | 0 |
_aGarcía Espinoza, Hermelindo. _945967 |
| 245 | 1 | 3 | _aEl programa de inversiones públicas para el desarrollo rural (PIDER) y su impacto en la microregión 076 Pinos del estado de Zacatecas |
| 260 |
_aChapingo, Méx. : _bEl autor, _c1987 |
||
| 300 | _a132 h. | ||
| 502 | _aTesis (M.C. Esp. en Desarrollo Rural) -- CP. Centro de Desarrollo Rural | ||
| 590 |
_aALEPH _b10 _c20130110 _lUCH01 _h1414 |
||
| 590 |
_aBATCH-UPD _b10 _c20130110 _lUCH01 _h0748 |
||
| 590 |
_aBATCH-UPD _b10 _c20130410 _lUCH01 _h0429 |
||
| 590 |
_aBATCH-UPD _b10 _c20130913 _lUCH01 _h2152 |
||
| 590 |
_aCONVERSION _b10 _c20130109 _lUCH01 _h1340 |
||
| 650 | 1 | 4 |
_aAgricultura de temporal. _91999 |
| 650 | 1 | 4 |
_aDesarrollo rural. _932067 |
| 650 | 1 | 4 |
_aInversiones _xZacatecas. _960187 |
| 650 | 1 | 4 |
_aZacatecas _xCondiciones rurales. _9123403 |
| 901 | _aBK | ||
| 942 | _cFOLL | ||
| 949 |
_bBC _cTES _d-37816 _eTS1 _h19164 _i83311 _si |
||
| 949 |
_bBC _cTES _d-37817 _eTS2 _fc.2 _h19165 _i83311 _si |
||
| 999 |
_c72781 _d72781 |
||